00669nam a2200205Ia 4500003000900000008004100009040001300050040001300063041000800076100003000084245007600114250000900190260002000199260000900219300000800228490000600236942000700242999001700249952019700266IT-RoPAU120407s9999 xx 000 0 und d aIT-RoPAU cIT-RoPAU aita aNikita Krusciov (Kruscev) aLa politica dell’Unione Sovietica. Rapporto al XX congresso del PCUS aRoma aEditori Riuniti c1956 c cm v1 cBK c14234d14234 00102ddc406947_18000000000000071aPAULUSbPAULUSd2012-04-11l0o947.18r2012-04-11 00:00:00w2012-04-11yBKzInserito da: LUCIA In data: 07 ottobre 2011 fondo: Via A.Severo 56 Progr:20838